000 00449cam a22001337a 4500
008 180718b1963 xxu||||| |||| 00| 0 eng d
082 _aAPPPA 1963/11
100 _aRoy, Manash
245 _aOrganization and management of the Delhi cloth and general mills co. ltd
_cby Manash Roy
260 _aNew Delhi
_bIndian Institute of Public Administration
_c1963
300 _a62p.
650 _aManagement-Delhi cloth-General mills
650 _aOrganization
999 _c501199
_d501199